000 00596nam a2200193Ia 4500
005 20260114185613.0
008 008 260114s9999 xx 000 0 eng d
020 _a9781474205375
037 _aEBOOK
040 _aCRL
_beng
_cCRL
041 _aeng
_2eng
084 _qCRL
100 _aMichael D. Leigh
_9872099
245 4 _aThe Collapse of British Rule in Burma The Civilian Evacuation and Independence
260 _bBloomsbury
_c2018
856 _uhttps://doi.org/10.5040/9781474205375?locatt=label:secondary_bloomsburyCollections
942 _cEBOOK
999 _c1471047
_d1471047